| 000 | 00941nam a22002531cc4500 | ||
|---|---|---|---|
| 001 | a987682882+Band2 | ||
| 003 | RU-10907106 | ||
| 005 | 20221124190511.0 | ||
| 008 | 170613s2004 gw |||| 000u rus d | ||
| 020 |
_a5875502126 _95-87550-212-6 |
||
| 035 | _aa987682882 | ||
| 040 | _cRU-10907106 | ||
| 041 | _arus | ||
| 245 | 0 | 0 |
_aVlast' i intelligencija v sibirskoj provincii _nBand 2 _pVlast' i intelligencija v sibirskoj provincii : (1933-1937 gody) ; sbornik dokumentov |
| 246 | 1 | 2 |
_aVlast' i intelligencija v sibirskoj provincii. Vlast' i intelligencija v sibirskoj provincii : (1933-1937 gody) ; sbornik dokumentov _nBand 2 |
| 264 | 1 |
_aNovosibirsk : _bSova, _c2004 |
|
| 300 | _a352 Seiten | ||
| 336 |
_2rdacontent _aText _btxt |
||
| 337 |
_2rdamedia _aOhne Hilfsmittel zu benutzen _bn |
||
| 338 |
_2rdacarrier _aBand _bnc |
||
| 700 | 1 |
_aKrasil'nikov, Sergej A. _eHerausgeberIn _99684 |
|
| 773 | 0 | 8 |
_wa987682882 _qBand2 |
| 942 |
_cMG _2z |
||
| 999 |
_c42400 _d42400 |
||